Comercialización y prácticas desleales en el mercado agropecuario
Sparad:
| Materialtyp: | Text |
|---|---|
| Ämnen: | |
| Taggar: |
Lägg till en tagg
Inga taggar, Lägg till första taggen!
|
MARC
| LEADER | 00000 a a2200000 04500 | ||
|---|---|---|---|
| 001 | 6712 | ||
| 003 | |||
| 040 | |||
| 245 | |a Comercialización y prácticas desleales en el mercado agropecuario | ||
| 650 | |a SECTOR PRIMARIO | ||
| 650 | |a INFORMACION | ||
| 650 | |a COMERCIALIZACION | ||
| 650 | |a EL SALVADOR | ||
| 773 | |g volumen 25, número 1135; páginas 8-9 | ||
| 999 | |c 27731 |d 27731 | ||
